000 01248nam a22003137a 4500
001 342
003 OSt
005 20250528074018.0
008 250331b |||||||e |||| 00| f eng d
040 _bpor
041 _heng
_apor
082 _a813
_b F553s
100 1 _aFitzgerald, F. Scott
_d1896-1940
240 _aTender is the Night
245 _aSuave é a Noite /
_cFitzgerald, F. Scott ; Tradução de Lígia Junqueira
260 _aSão Paulo
_bAbril
_c1972
300 _a380 p.
490 1 _aOs Imortais da Literatura Universal
520 _aAmbientado na Riviera Francesa em fins da década de 1920, este livro narra a história de Dick Diver, um psiquiatra que se casa com a paciente Nicole Warren. A vida do casal não é mais do que uma farsa - dominados pelo tédio, incapazes de dialogar, entre incessantes coquetéis, recepções e dinheiro, vivem numa atmosfera de falsa euforia.
650 0 _aLiteratura Americana
_984
650 0 _aPrimeira Guerra Mundial
_9663
650 0 _aBurguesia
_9572
650 0 _aClássicos
_977
655 0 _aRomance
_923
655 0 _aFicção
_922
700 1 _aJunqueira, Lígia,
_d1906-
_eTRADUTORA
_9712
830 _aOs Imortais da Literatura Universal
_9461
_vvol. 31
942 _2ddc
_n0
_cBK
999 _c342
_d342